01063cam a2200301Mi 450000500170000000800410001702000180005802000180007604000500009404100080014424500590015226000770021130000460028849000250033449000260035950400530038550500520043850500360049065000160052665000310054265000310057365000150060465000170061965000200063670000350065670000350069170000350072620180312143026.0141027s2013 sp ao frb 001 0 spa d a9788436251234 a9788436251616 aCO-BoUCMbspacJose A. GerenadJose A. Gerena0 aspa00aEcología cConsuelo Escolástico León...[y otros] aMadrid (España)bUniversidad Nacional de Educación a Discanciac2005 avolúmenesbilustraciones, fotografías aCiencias ambientales aUnidades didácticas aIncluye referencias bibliográficas e índices gV.1tintroducción, organismos y poblaciones . gV.2tComunidades y ecosistemas. 7aEcología  7aBiología de población  7aAdaptación (Biología)  7aSimbiosis  7aEcosistemas  7aMedio ambiente 1 aEscolástico León, Consuelo1 aCabildo Miranda, Ma. del Pilar1 aClaramunt Vallespí, Rosa Ma.